Descubre los insectos /
Colección de educación y divulgación científicas destinada a niños y adolescentes con edades a partir de los diez años, cuyo volumen número 16 reúne cerca de 25 sencillos experimentos a realizarse con insectos.
Gardado en:
| Autor Principal: | |
|---|---|
| Outros autores: | |
| Formato: | Libro |
| Idioma: | Lingua castelá |
| Publicado: |
Barcelona, España :
Oniro,
2003, c2003
|
| Series: | (El Juego de la Ciencia ;
16) |
| Temas: | |
| Etiquetas: |
Sen Etiquetas, Sexa o primeiro en etiquetar este rexistro!
|
MARC
| LEADER | 00000nam^a2200000^a^4500 | ||
|---|---|---|---|
| 001 | 000154127 | ||
| 005 | 20250521000000.0 | ||
| 009 | 20260310100343.836 | ||
| 020 | |a 84-9754-051-4 | ||
| 037 | |a Acervo ITESO - Biblioteca | ||
| 041 | |a ESP | ||
| 082 | |a 372. 357 |b JUE V. 16 | ||
| 100 | |a Suzuki, David |e (autor) | ||
| 240 | 1 | 4 | |a [El juego de la ciencia] |
| 245 | 1 | 0 | |a Descubre los insectos / |c D. Susuki, B. Hehner ; tr. por Irene Amador. |
| 264 | 4 | |a Barcelona, España : |b Oniro, |c 2003, c2003 | |
| 300 | |a 95 p. | ||
| 336 | |a texto |b txt |2 rdacontenido | ||
| 337 | |a sin mediación |b n |2 rdamedio | ||
| 338 | |a volumen |b nc |2 rdasoporte | ||
| 440 | 4 | |a (El Juego de la Ciencia ; |v 16) | |
| 500 | |a Traducción de: Looking at Insects | ||
| 520 | |a Colección de educación y divulgación científicas destinada a niños y adolescentes con edades a partir de los diez años, cuyo volumen número 16 reúne cerca de 25 sencillos experimentos a realizarse con insectos. | ||
| 649 | |a XX | ||
| 650 | |a Insectos | ||
| 650 | |a Artrópodos | ||
| 650 | |a Invertebrados | ||
| 650 | |a Entomología - |x Estudio y Enseñanza | ||
| 650 | |a Zoología - |x Estudio y Enseñanza | ||
| 650 | |a Biología - |x Estudio y Enseñanza | ||
| 650 | |a Ciencias Naturales - |x Estudio y Enseñanza | ||
| 650 | |a Ciencias Naturales - |x Experimentos | ||
| 650 | |a Ciencia - |x Difusión | ||
| 650 | |a Experimentación (Método Educativo) | ||
| 650 | |a Método Experimental | ||
| 650 | |a Metodología Educativa | ||
| 650 | |a Proceso Educativo | ||
| 650 | |a Educación Primaria | ||
| 650 | |a Educación Media Básica | ||
| 650 | |a Educación No Formal e Informal | ||
| 700 | |a Hehner, Bárbara |e (autor) | ||
| 910 | |a Fondo General | ||
| 920 | |a Impresos - Libros | ||
| 930 | |a Colección General | ||
| 905 | |a 101 | ||
| 901 | |a 0500086633 |b IT1 |c ACC |u 20250521 | ||
| 902 | |a https://opac.biblio.iteso.mx/vufind/Record/000154127 | ||